Statistics for 2024 NFL Fantasy Football Draft Projected

Click here to take the quiz!

General Stats

  • This quiz has been taken 249 times
    (189 since last reset)
  • The average score is 13 of 20

Answer Stats

HintAnswer% Correct
1.Christian McCaffrey
95%
3.Tyreek Hill
93%
2.Justin Jefferson
91%
6.Amon-Ra St. Brown
81%
5.Jamaar Chase
79%
4.Ceedee Lamb
77%
9.AJ Brown
75%
11.Kyren Williams
69%
10.Jahmyr Gibbs
68%
7.Bijan Robinson
65%
20.Stefon Diggs
65%
13.Puka Nacua
62%
15.Saquon Barkley
61%
18.Deebo Samuel
59%
12.Garrett Wilson
58%
8.Breece Hall
56%
17.Jonathan Taylor
53%
16.DJ Moore
51%
19.James Cook
46%
14.Travis Etienne
43%

Score Distribution

Percentile by Number Answered

Percent of People with Each Score

Your Score History

You have not taken this quiz since the last reset